Individual- and neighborhood-level determinants of fear of violent crime among adolescents

Guardado en:  
Detalles Bibliográficos
Autores principales: Grinshteyn, Erin G. (Autor) ; Ettner, Susan L. (Autor) ; Andersen, Ronald M. (Autor) ; Cunningham, William E. (Autor) ; Eisenman, David P. (Autor)
Tipo de documento: Electrónico Artículo
Lenguaje:Inglés
Publicado: 2016
En: Family & community health
Año: 2016, Volumen: 39, Número: 2, Páginas: 103-112
Acceso en línea: Volltext (lizenzpflichtig)
Volltext (lizenzpflichtig)
Verificar disponibilidad: HBZ Gateway

MARC

LEADER 00000caa a22000002c 4500
001 1912589478
003 DE-627
005 20250115055005.0
007 cr uuu---uuuuu
008 241217s2016 xx |||||o 00| ||eng c
024 7 |a 10.1097/FCH.0000000000000095  |2 doi 
035 |a (DE-627)1912589478 
035 |a (DE-599)KXP1912589478 
040 |a DE-627  |b ger  |c DE-627  |e rda 
041 |a eng 
084 |a 2,1  |2 ssgn 
100 1 |a Grinshteyn, Erin G.  |e VerfasserIn  |4 aut 
245 1 0 |a Individual- and neighborhood-level determinants of fear of violent crime among adolescents 
264 1 |c 2016 
336 |a Text  |b txt  |2 rdacontent 
337 |a Computermedien  |b c  |2 rdamedia 
338 |a Online-Ressource  |b cr  |2 rdacarrier 
700 1 |a Ettner, Susan L.  |e VerfasserIn  |0 (DE-588)171540573  |0 (DE-627)061752460  |0 (DE-576)132327147  |4 aut 
700 1 |a Andersen, Ronald M.  |e VerfasserIn  |0 (DE-588)171524063  |0 (DE-627)061733792  |0 (DE-576)132311836  |4 aut 
700 1 |a Cunningham, William E.  |e VerfasserIn  |4 aut 
700 1 |a Eisenman, David P.  |e VerfasserIn  |4 aut 
773 0 8 |i Enthalten in  |t Family & community health  |d Philadelphia, Pa. : Lippincott Williams & Wilkins, 1978  |g 39(2016), 2, Seite 103-112  |h Online-Ressource  |w (DE-627)356886387  |w (DE-600)2093306-X  |w (DE-576)263593797  |x 1550-5057  |7 nnas 
773 1 8 |g volume:39  |g year:2016  |g number:2  |g pages:103-112 
856 4 0 |u https://doi.org/10.1097/FCH.0000000000000095  |x Resolving-System  |z lizenzpflichtig  |3 Volltext  |7 1 
856 4 0 |u https://www.ncbi.nlm.nih.gov/pubmed/26882413  |x Verlag  |z lizenzpflichtig  |3 Volltext  |7 1 
935 |a mkri 
951 |a AR 
ELC |a 1 
LOK |0 000 xxxxxcx a22 zn 4500 
LOK |0 001 4637554977 
LOK |0 003 DE-627 
LOK |0 004 1912589478 
LOK |0 005 20241217044606 
LOK |0 008 241217||||||||||||||||ger||||||| 
LOK |0 035   |a (DE-2619)ICPSR127475 
LOK |0 040   |a DE-2619  |c DE-627  |d DE-2619 
LOK |0 092   |o n 
LOK |0 852   |a DE-2619 
LOK |0 852 1  |9 00 
LOK |0 935   |a nacp 
LOK |0 939   |a 17-12-24  |b l01 
ORI |a SA-MARC-krimdoka001.raw